LEADER 02935oam 2200577 c 450 001 9910964503003321 005 20260302090207.0 010 $a9783838274003 010 $a3838274008 024 3 $a9783838274003 035 $a(CKB)4100000011035278 035 $a(MiAaPQ)EBC6158076 035 $a(ibidem)9783838274003 035 $a(EXLCZ)994100000011035278 100 $a20260302d2020 uy 0 101 0 $aeng 135 $aurcnu|||||||| 181 $ctxt$2rdacontent 182 $cc$2rdamedia 183 $acr$2rdacarrier 200 00$aPC on Earth: The Beginnings of the Totalitarian Mindset /$fJabbar Moradi, Jasmin Dall'Agnola, Josette Baer 205 $a1st ed. 210 $aHannover$cibidem$d2020 215 $a1 online resource (147 pages) 311 08$a9783838214009 311 08$a3838214005 327 $aIntro -- Acknowledgements -- Introduction -- PC on Earth -- Political Correctness: Useful for Science? -- Rewriting the Dictionary -- The Ethical Dilemma of Political Correctness: Sacrificing Enlightenment Ideals for Subjective Social Compliance -- Wise Words -- In Defence of Political Correctness -- Shaping the World -- Never Mind Political Correctness-Focus on the Real Enemy -- Queer Culture and Tolerance in Kazakhstan. A Critical Reflection on Politically Correct Speech -- Briefly ? PC in Contemporary Hungary -- Looking for Partisans in Crimea or How Russophobia Led to WWI -- PC in the PRC -- List of Authors. 330 $aWhat is political correctness? What is conformism? And could one say that pre-emptive conformism is a part of the increasingly prevalent climate of political correctness encountered today? The authors of "PC on Earth" take issue with a fashionable phenomenon emerging from North American campuses that is beginning to take hold in Europe, too: the dangerous consequences of identity politics and pre-emptive conformism, which they define as an essential element of political correctness. This book is a collection of short stories, satire, philosophical analysis, travel reports, political analysis, and personal experiences. The authors, all Europeans, present diverse views on a controversial topic. This collection offers readers independent and free-thinking opinions they will get nowhere else. 606 $aPolitik 606 $aTotalitarismus 606 $aSystem 606 $aPolitics 606 $aPolitical correctness 606 $aTotalitarianism 615 4$aPolitik 615 4$aTotalitarismus 615 4$aSystem 615 4$aPolitics 615 4$aPolitical correctness 615 4$aTotalitarianism 676 $a306.0973 702 $aMoradi$b Jabbar$cDr$4edt 702 $aDall'Agnola$b Jasmin$cDr$4edt 702 $aBaer$b Josette$4aui 801 0$bMiAaPQ 801 1$bMiAaPQ 801 2$bMiAaPQ 906 $aBOOK 912 $a9910964503003321 996 $aPC on Earth$94042195 997 $aUNINA